Music Quiz

Random Music or Artist Quiz

1980'S Billboard #1 Singles Artists & Bands by Photo 6 Quiz Stats

 Plays Quiz not verified by Sporcle

Challenge
Share
Tweet
Score 0/16 Timer 04:00
0 Plays Today
% Correct
Stevie Wonder
93.1%
Wham!
93.1%
Van Halen
92.2%
Starship
91.2%
Tina Turner
91.2%
U2
91.2%
Whitney Houston
90.2%
Sheena Easton
89.2%
% Correct
Survivor
83.3%
Toni Basil
80.4%
Simply Red
79.4%
Tears For Fears
79.4%
Steve Winwood
78.4%
Tiffany
78.4%
Will To Power
78.4%
Terence Trent D'Arby
73.5%

You're not logged in!

Compare scores with friends on all Sporcle quizzes.
Join for Free
OR
Log In

You Might Also Like...

Show Comments

Extras

Top Quizzes Today


Score Distribution

Your Account Isn't Verified!

In order to create a playlist on Sporcle, you need to verify the email address you used during registration. Go to your Sporcle Settings to finish the process.

Report this User

Report this user for behavior that violates our Community Guidelines.

Details: